Historical Shared Birthdays Quiz Stats

 Plays Quiz Updated Apr 18, 2016

Challenge
Share
Tweet
Embed
Score 0/18 Timer 04:00
1 Play Today
Who was born first (A or B)? Born First % Correct
Jan 27: A) Lewis Carroll, or B) Wolfgang Amadeus Mozart???
90.1%
Jan 8: A) Elvis Presley, or B) Stephen Hawking???
88.7%
Jun 14: A) Harriet Beecher Stowe, or B) Che Guevara???
86.1%
Mar 2: A) Dr. Seuss, or B) Mikhail Gorbachev???
84.5%
Dec 18: A) Josef Stalin, or B) Franz Ferdinand???
81.7%
Nov 2: A) James K. Polk, or B) Marie Antoinette???
80.5%
Aug 13: A) Fidel Castro, or B) Alfred Hitchcock???
79.8%
Jul 30: A) Emily Brontë, or B) Henry Ford???
78.3%
Apr 28: A) Saddam Hussein, or B) Harper Lee???
77.5%
Who was born first (A or B)? Born First % Correct
May 29: A) Bob Hope, or B) John F. Kennedy???
76.9%
Mar 9: A) Yuri Gagarin, or B) Bobby Fischer???
75.8%
May 19: A) Malcolm X, or B) Hồ Chi Minh???
75.1%
Nov 7: A) Marie Curie, or B) Leon Trotsky???
69.2%
Mar 26: A) Tennessee Williams, or B) Robert Frost???
55.8%
Jan 15: A) Martin Luther King, Jr., or B) Edward Teller???
53.6%
Jun 12: A) George H.W. Bush, or B) Anne Frank???
43.9%
Jul 24: A) Simón Bolívar, or B) Alexandre Dumas???
40.3%
Sep 21: A) Shinzō Abe, or B) Stephen King???
37.1%

You're not logged in!

Compare scores with friends on all Sporcle quizzes.
OR
Log In

You Might Also Like...

Show Comments

Extras

Top Quizzes Today


Score Distribution

Your Account Isn't Verified!

In order to create a playlist on Sporcle, you need to verify the email address you used during registration. Go to your Sporcle Settings to finish the process.

Report this User

Report this user for behavior that violates our Community Guidelines.

Details: